| 000 | 00809cam a2200229 4500 | ||
|---|---|---|---|
| 008 | 090401t1994 xxu||||| |||| 00| 0 eng d | ||
| 020 | _a086170424X | ||
| 035 | _a(Sirsi) u1877 | ||
| 041 | _aeng | ||
| 050 |
_a333.78 _c18 |
||
| 110 |
_aCountry Landowners' Association _92816 |
||
| 245 |
_aManaging public access _ba guide for farmers and landowners |
||
| 260 |
_aCheltenham _bCountryside Commisiion _c1994 |
||
| 300 |
_a78p. _bill. _c21cm. |
||
| 350 | _a0.50 | ||
| 520 | _aThis guide is intended to relate to England only. The Countryside Council for Wales will be publishing a similar guide. | ||
| 690 | _aPROPERTY-RURAL AND NATURAL ASSETS-RURAL AND NATURAL ASSET MANAGEMENT | ||
| 710 |
_aCountryside Commission _92820 |
||
| 710 |
_aNational Farmers' Union _9456 |
||
| 942 | _n0 | ||
| 948 | _c04/03/1997 | ||
| 999 |
_c85711 _d85711 |
||